Music Quiz

Random Music or Song Quiz

Interrogative Music Quiz Stats

 Plays Quiz Updated Feb 27, 2020

Support Sporcle.
Go Orange.
Score 0/40 Timer 05:00
1 Play Today
Question Answer Wrong Answers
'The Man _____ Couldn't Cry'
Johnny Cash
Who
93.4%
What
0.2%
When
0.2%
Where
0.1%
'The Girl _____ Had No Name'
The Byrds
Who
93.2%
What
0.4%
When
0.2%
Where
0.1%
'_____ a Girl Wants'
Christina Aguilera
What
93.1%
Who
0.4%
When
0.3%
Where
0.1%
'That's _____ Friends Are For'
Dionne & Friends
What
93.1%
Who
0.4%
When
0.2%
Where
0.2%
'The Man _____ Stole a Leopard'
Duran Duran
Who
93%
What
0.3%
When
0.3%
Where
0.1%
'_____'s My Name?'
Rihanna feat. Drake
What
92.9%
Who
0.6%
When
0.1%
Where
0.2%
'_____ I See You Smile'
Bad English
When
92.8%
Who
0.3%
What
0.3%
Where
0.5%
'_____ a Wonderful World'
Louis Armstrong
What
92.8%
Who
0.7%
When
0.2%
Where
0.2%
'_____ I Was Your Man'
Bruno Mars
When
92.7%
Who
0.4%
What
0.3%
Where
0.4%
'_____ Goes Around...Comes Around'
Justin Timberlake
What
92.6%
Who
0.6%
When
0.4%
Where
0.2%
'Look _____ You Made Me Do'
Taylor Swift
What
92.6%
Who
0.7%
When
0.2%
Where
0.1%
'The Place _____ Lost Things Go'
Emily Blunt
Where
92.5%
Who
0.4%
What
0.4%
When
0.6%
'_____'s Love Got to Do with It'
Tina Turner
What
92.4%
Who
1%
When
0.2%
Where
0.1%
'_____ I'm Gone'
Eminem
When
92.4%
Who
0.3%
What
0.3%
Where
0.8%
'_____ Will I See You Again'
The Three Degrees
When
92.3%
Who
0.3%
What
0.3%
Where
1%
'_____ I Come Around'
Green Day
When
92.2%
Who
0.3%
What
0.6%
Where
0.8%
'Sleep _____ I'm Dead'
The Cure
When
92.1%
Who
0.3%
What
0.3%
Where
1%
'_____ Do Broken Hearts Go'
Whitney Houston
Where
92.1%
Who
0.3%
What
0.7%
When
0.8%
'The Prince _____ Wanted Everything'
Weezer
Who
91.9%
What
1.4%
When
0.3%
Where
0.1%
'_____ Have All The Flowers Gone'
Peter, Paul and Mary
Where
91.8%
Who
0.6%
What
0.3%
When
1.1%
'Stronger (_____ Doesn't Kill You)'
Kelly Clarkson
What
91.6%
Who
1.3%
When
0.8%
Where
0.2%
'_____'s That Girl'
Madonna
Who
91.4%
What
0.8%
When
0.1%
Where
1.6%
'You Knew Me _____'
Leona Lewis
When
91.1%
Who
0.7%
What
0.7%
Where
1.2%
'_____ You're Gone'
Avril Lavigne
When
90.8%
Who
0.3%
What
0.4%
Where
2.2%
'_____ The Wild Roses Grow'
Nick Cave & the Bad Seeds
Where
90.7%
Who
0.3%
What
0.3%
When
2.6%
'_____ Do You Mean?'
Justin Bieber
What
90.6%
Who
2.9%
When
0.3%
Where
0.1%
'_____ A Blind Man Cries'
Deep Purple
When
90.4%
Who
0.4%
What
1.2%
Where
1.8%
'_____ Do You Love?'
YG feat. Drake
Who
89.8%
What
3%
When
0.7%
Where
0.4%
'_____ Do We Think We Are'
John Legend
Who
88.1%
What
2.9%
When
0.3%
Where
2.4%
'We All Go Back to _____ We Belong'
R.E.M.
Where
86.8%
Who
1.3%
What
3.4%
When
2.4%
'_____ Made _____'
AC/DC
Who
86.4%
What
6.8%
When
0.4%
Where
0.2%
'I Know _____ I Know'
Paul Simon
What
86.2%
Who
4.6%
When
2.1%
Where
1%
'_____ the Boys Are'
Connie Francis
Where
86%
Who
4.8%
What
2%
When
1%
'Girl _____ Got Away?'
Dido
Who
85.1%
What
5.2%
When
1.6%
Where
1.9%
'_____ Is the Love'
The Black Eyed Peas
Where
84.5%
Who
0.6%
What
8.2%
When
0.7%
'_____ I Think of You'
Janet Jackson
When
83.2%
Who
0.3%
What
9.9%
Where
0.4%
'_____ Are You Now'
Clint Black
Where
82.3%
Who
9.2%
What
1.4%
When
0.9%
'Theme from Mahogany (Do You Know _____ You're Going To)'
Diana Ross
Where
81.2%
Who
1.9%
What
9.6%
When
1.2%
'I Wanna Be _____ You Are'
Michael Jackson
Where
79.3%
Who
10.9%
What
3.5%
When
0.3%
'Be _____ You Are'
You Me at Six
Who
66.4%
What
16.6%
When
0.3%
Where
10.6%

From the Vault

Marvel Picture Find: The Movies

by MitchellGoosen

Very nice of the Invisible Woman to make an appearance for this group photo.
Remove Ads.
Support Sporcle.
Get the best of Sporcle when you Go Orange. This ad-free experience offers more features, more stats, and more fun while also helping to support Sporcle. Thank you for becoming a member.

Show Comments

Extras

Top Quizzes Today


Score Distribution

Your Account Isn't Verified!

In order to create a playlist on Sporcle, you need to verify the email address you used during registration. Go to your Sporcle Settings to finish the process.

Report this User

Report this user for behavior that violates our Community Guidelines.

Details: